[Event "Østlandsserien 2014/2015, 3. div. B"]
[Site "Strømmen, Akershus NOR"]
[Date "2014.11.02"]
[Round "1"]
[Board "3"]
[White "Lea, Per"]
[Black "Trolle, Ernst"]
[Result "1-0"]
[WhiteElo "1618"]
[BlackElo "1405"]
[Annotator "Lea,Per"]
[PlyCount "47"]
[EventDate "2014.11.02"]
[WhiteTeam "Follo 1"]
[BlackTeam "Strømmen 2"]

1. e4 e5 2. Nf3 Nc6 3. Bb5 a6 4. Ba4 b5 5. Bb3 d6 {Svart benytter ikke anledningen til spille den norske varianten i spansk (som i alle andre land i verden heter Taimanov-varianten)} (5... Na5 6. Bxf7+ Kxf7 7. Nxe5+ Ke7 $1 {har jeg spilt et par ganger tidligere, men erfaringene derfra frister ikke akkurat til gjentagelse. Dessuten beviste vel Ragnar Hoen i et radioparti pÃ¥ begynnelsen av 1970-tallet at lÃ¸perofferet var ukorrekt - til tross for Ã¸delagt kongestilling og en deplassert springer.}) 6. O-O Be7 ({Jeg trodde} 6... Nf6 {var dÃ¥rlig pÃ¥ grunn av} 7. Ng5 {men svart har sannsynligvis smÃ¥ problemer etter} d5 8. exd5 Nd4 9. d3 Bc5) 7. c3 Nf6 8. Re1 O-O 9. h3 Na5 10. Bc2 {Etter noen smÃ¥ trekkomkastninger er vi tilbake i hovedvarianten.} Bd7 ({En vanlig fortsettelse er} 10... c5 11. d4 Qc7 12. Nbd2) 11. d4 Nc6 12. Nbd2 Be8 {Peker seg ikke akkurat ut som noe naturlig felt for en lÃ¸per...} 13. Nf1 Nd7 14. Ng3 (14. Ne3 {er kanskje mer naturlig, siden springeren ogsÃ¥ kan komme til d5. Teksttrekket var nok en fÃ¸lge av ren vanetenkning.}) 14... Kh8 15. Nf5 f6 {Sjeldent at vakkert trekk i noen varianter overhodet...} 16. N3h4 Rg8 $2 17. Bb3 Rf8 18. Bd5 {Tenkte det kunne vÃ¦re greit Ã¥ tvinge den ene springeren til b8, men i fÃ¸lge silisiumshjernene var det en direkte vinnende offervariant i stillingen - som jeg ikke oppdaget ved brettet selv om jeg lette og lette.} (18. Bh6 $1 gxh6 19. Qg4 Bg6 20. Nxg6+ hxg6 21. Qxg6 Rf7 22. Nxh6 Rh7 23. Nf7+ Rxf7 24. Bxf7 Qg8 (24... Qf8 25. Qh5+ Kg7 26. Re3 {med matt i 6 trekk...} Qxf7 {forkorter bare pinen:} 27. Rg3+ Kf8 28. Qh8+ Qg8 29. Qxg8#) 25. Bxg8 Nf8 26. Qg4 {med fullstendig overlegen stilling}) 18... Ndb8 19. Qg4 {Et naturlig trekk, men igjen er lÃ¸perutfallet til h6 bedre:} (19. Bh6 Rg8 (19... gxh6 20. Qg4 Bg6 21. Nxg6+ hxg6 22. Qxg6 {er matt i 10 trekk}) 20. Bxg8 {er det minste av flere onder} Kxg8 21. Bxg7 h5 22. Qf3 exd4 23. Qg3 {med knusende vinststilling}) 19... g6 20. Bh6 Bf7 21. Bg7+ {Jeg tenkte det var greit at kongen sto i g-linja fÃ¸r jeg slo pÃ¥ f8} Kg8 22. Nxe7+ (22. Nxg6 $1 hxg6 (22... h5 23. Qxh5 {utsetter matten noen trekk, men den svarte monarken er jo fullstendig omringet og kan ikke overleve}) 23. Qxg6 {og svart kan ikke hindre avdekkermatten etter lÃ¸perslag pÃ¥ f6 i neste trekk}) 22... Qxe7 $2 {Ofte forekommende i sjakk: en bukk blir besvart med en gjenbukk.} (22... Nxe7 23. Bxf8 Nxd5 24. Bxd6 cxd6 25. exd5 {bÃ¸r ogsÃ¥ vÃ¦re greit vunnet for hvit - men det kan ta tid.}) 23. Nxg6 hxg6 (23... Qd7 24. Qxd7 Nxd7 25. Nxf8 Bxd5 26. Nxd7 Kxg7 27. exd5 {er det relativt beste, men med tÃ¥rn under er selvsagt svart fortapt}) 24. Qxg6 {og svart ga opp den hÃ¥plÃ¸se kampen. Som i noen av de tidligere variantene er avdekker sjakk pÃ¥ f6 eller h6 helt avgjÃ¸rende.} 1-0

[Event "Østlandsserien 2014/2015, 3. div. B"]
[Site "Strømmen, Akershus NOR"]
[Date "2014.11.02"]
[Round "1"]
[White "Stenseth, Martin"]
[Black "Lange, Holger"]
[Result "0-1"]
[WhiteElo "1094"]
[BlackElo "1599"]
[PlyCount "52"]
[EventDate "2014.11.02"]
[Board "4"]
[WhiteTeam "Strømmen 2"]
[BlackTeam "Follo 1"]

1. e4 c5 2. Nc3 d6 3. f4 Nc6 4. Nf3 Bg4 5. Bb5 e6 6. O-O Qb6 7. d4 Bxf3 8. Rxf3
cxd4 9. Bxc6+ bxc6 10. Na4 Qb4 11. b3 c5 12. Bd2 Qb8 13. c3 Nf6 14. Qc2 dxc3
15. Bxc3 Be7 16. e5 dxe5 17. Bxe5 Qb5 18. Rc1 Rc8 19. Rc3 O-O 20. Bxf6 Bxf6 21.
Rxc5 Bd4+ 22. Kh1 Bxc5 23. Nxc5 Rc7 24. Qc3 a5 25. Qe3 Rfc8 26. Nd3 Rxc1+ 0-1

[Event "Østlandsserien 2014/2015, 3. div. B"]
[Site "Ås, Akershus NOR"]
[Date "2014.12.07"]
[Round "2"]
[White "Aasgaard, Frode"]
[Black "Flügel, Stefan"]
[Result "1/2-1/2"]
[WhiteElo "1737"]
[BlackElo "1700"]
[PlyCount "54"]
[EventDate "2014.11.02"]
[Board "1"]
[WhiteTeam "Eidsvoll"]
[BlackTeam "Follo 1"]

1. e4 Nc6 2. Nf3 Nf6 3. e5 Ng4 4. d4 d6 5. h3 Nh6 6. Bb5 a6 7. Ba4 b5 8. Bb3
dxe5 9. d5 Na5 10. Nxe5 Nxb3 11. axb3 g6 12. O-O Bg7 13. Bf4 Bxe5 14. Bxe5 f6
15. Bf4 Nf7 16. c4 Bb7 17. Nc3 bxc4 18. bxc4 O-O 19. Re1 Re8 20. Na4 c6 21. Nc5
Qb6 22. Nxb7 Qxb7 23. dxc6 Qxc6 24. Qd5 Rac8 25. Qxc6 Rxc6 26. Ra4 e5 27. Be3
Nd6 1/2-1/2

[Event "Østlandsserien 2014/2015, 3. div. B"]
[Site "Ås, Akershus NOR"]
[Date "2014.12.07"]
[Round "2"]
[White "Furnes, Torstein"]
[Black "Mannerud, Jan"]
[Result "1-0"]
[WhiteElo "1677"]
[BlackElo "1457"]
[Annotator "Furnes, Torstein"]
[PlyCount "143"]
[EventDate "2014.11.02"]
[Board "2"]
[WhiteTeam "Follo 1"]
[BlackTeam "Eidsvoll"]

1. d4 d5 2. c4 e6 3. Nc3 Nf6 4. Bg5 Be7 5. e3 b6 6. Nf3 O-O 7. cxd5 Nxd5 8.
Bxe7 Qxe7 9. Nxd5 exd5 10. Qb3 Bb7 11. Bd3 Nd7 12. Qc2 Nf6 13. O-O h6 14. Rac1
Rac8 15. Bf5 c5 16. Bxc8 Rxc8 17. Qe2 c4 18. Ne5 b5 19. a3 a5 20. Qe1 Qd8 21.
f3 a4 22. g4 Nd7 23. Nxd7 Qxd7 24. Qg3 Qe7 25. f4 Re8 26. Rc3 b4 27. axb4 Qxb4
28. Rf2 Qe7 29. g5 hxg5 30. fxg5 Qe4 31. h4 Bc8 32. h5 Qg4 (32... Qb1+ 33. Kh2
Re4) 33. Qxg4 Bxg4 34. Rh2 Bf5 35. Ra3 Bd7 36. Kf2 Re4 37. Ra1 Re8 38. Kf3 Re4
39. Rg1 Re6 40. Rh4 Rb6 41. Rg2 Bf5 42. Kf4 Be4 43. Rf2 Rc6 44. h6 Kh7 45.
hxg7+ Kxg7 46. Rfh2 $2 a3 $1 47. bxa3 c3 48. Rh1 Bxh1 49. Rxh1 Ra6 50. Ra1 Kg6
51. a4 f6 52. gxf6 Kxf6 53. Rc1 Rxa4 54. Rxc3 Ra6 55. Rc8 Ke6 56. Rh8 Ke7 $2 {
Kanskje tapstrekket. Fritz-evalueringen øker hvit fordel fra +0.4 til +3.7.}
57. Rh7+ Ke8 58. Ke5 Ra5 59. Ke6 Kf8 60. Rh5 Ra3 61. Re5 Ra6+ 62. Kxd5 Ra5+ 63.
Ke6 Ra6+ 64. Kf5 Kf7 65. d5 Rf6+ 66. Ke4 Rd6 67. Kd4 Kf6 68. Rh5 Rd8 69. e4 Kg6
70. Rh1 Kf6 71. e5+ Ke7 72. Rh7+ 1-0

[Event "Østlandsserien 2014/2015, 3. div. B"]
[Site "Ås, Akershus NOR"]
[Date "2014.12.07"]
[Round "2"]
[White "Kvile, Odd Martin"]
[Black "Lea, Per"]
[Result "0-1"]
[WhiteElo "1490"]
[BlackElo "1608"]
[Annotator "Lea, Per"]
[PlyCount "106"]
[EventDate "2014.11.02"]
[Board "3"]
[WhiteTeam "Eidsvoll"]
[BlackTeam "Follo 1"]

1. e4 e5 2. Nf3 Nc6 3. Nc3 {Ikke det mest agressive, men det kan bidra til å
bringe motstanderen ut av fatning: "Når han spiller så kjedelig, må han
sikkert være dårlig". Men det kan fort straffe seg. Dessuten kjente jeg til
Kvile fra tidligere: han har vært med i flere av privatmatchene våre mot
Eidsvoll, dessuten var han med mot Ås i Østlandsserien 1982/1983!} Nf6 4. d3 d6
5. Bg5 h6 6. Bxf6 Qxf6 7. Nd5 Qd8 {Dette har vært spilt en del, men hvits
neste trekk er neppe det beste} 8. a3 ({Å forberede en rokade med} 8. Be2) ({
eller} 8. Qd2 {virker mer naturlig}) 8... Ne7 9. c4 Nxd5 10. cxd5 {Nå har jeg
løperparet og han har en dobbeltbonde, pluss at bonden på d3 er svak. Men det
er mulig det er lett å kvitte seg med den ved ganske enkelt å spille den fram.
Og har du en dobbeltbonde, har du også en åpen tårnlinje - noe som kunne ha
blitt farlig i dette partiet. Følg med, følg med!} Be7 11. Qb3 {Ideen er
trolig å hindre meg i å utvikle løperen på b7} O-O ({Critter anbefaler} 11...
c6 12. dxc6 bxc6 {men under partiet så jeg ingen grunn til å befri ham fra
dobbeltbonden}) 12. Rc1 Qd7 $2 ({Igjen er} 12... c6) ({eller} 12... c5 {
anbefalt, og nå tror jeg mer på det. Det var så vidt jeg fant ut hvordan jeg
skulle gardere c7-bonden}) 13. Qc4 Bd8 {Det var ikke akkurat sånn jeg hadde
tenkt meg løperparet...} 14. Be2 ({Dette var en gylden mulighet til å spille} 
14. d4) 14... Qe7 15. Kd2 $2 {Ikke lett å se planen bak de to siste trekkene
til hvit. Men jeg finner heller ikke de beste trekkene for meg selv.} Bd7 ({At
} 15... c6 {skulle være det beste her, var overhodet ikke i mine tanker.
Critter anbefaler} 16. dxc6 Be6 17. Qa4 (17. cxb7 Bxc4 18. bxa8=Q Ba5+ 19. b4
Rxa8 20. Rxc4 {Hvit har T+S+bonde for dronninga, men jeg innbiller meg at
dette allikevel er bedre for svart.}) 17... bxc6 18. Qxc6 Ba5+ 19. b4 Bb6 20.
Rhf1 Rfc8 21. Qa4 Qf6 {Dette var ikke akkurat noe jeg vurderte under partiet...
Jeg er som Magnus, jeg liker materiell!}) 16. Qb4 Rb8 17. Rc3 c5 {Endelig har
jeg skjønt at jeg må frigjøre hvit fra dobbeltbonden. Men nå blir i tillegg
løperparet aktivert.} 18. dxc6 Bxc6 19. Kc2 Bb6 20. Rf1 Rfc8 21. Kb1 {Endelig
har han fått "rokert"!} Qd8 {En litt for primitiv trussel} (21... Bc5 {som jeg
tenkte på først, er nok bedre}) 22. Qb3 Bd7 23. Nd2 Be6 24. Rxc8 Qxc8 {Den
nest beste måten å slå tilbake på} (24... Rxc8 25. Nc4 Bd4 {og løperparet
begynner å yppe seg}) 25. Nc4 Bc5 26. Qc2 b5 27. Ne3 b4 28. axb4 Rxb4 29. Nd5
Bxd5 30. exd5 Qc7 {Dronninga skal i a-linja,} ({men etter} 30... Qa6 31. d4 {
snus alt på hodet}) 31. b3 Qb6 32. Bd1 Ra4 ({Jeg så for meg at hvit forsvarer
seg bra etter} 32... Qa6 33. Qa2 {men jeg hadde totalt oversett} Qxd3+ {som
vinner tårnet}) 33. Kc1 Ra1+ 34. Kd2 Qa5+ 35. b4 Bxb4+ (35... Qxb4+ 36. Ke2 e4
37. Re1 {men det er vel} (37. dxe4 Qb5+ 38. Kf3 Ra3+ {er slakt}) 37... Qd4 38.
Kf1 exd3 {også}) 36. Ke3 Bc5+ 37. Kf3 Ra2 38. Qb3 Ra3 (38... Qd2 $1) 39. Qc2
Qb4 40. g3 e4+ 41. Kg2 Rxd3 (41... exd3 42. Qc1 a5 43. Bh5 Ra2 {er enda bedre})
42. Qa4 Qxa4 43. Bxa4 Rxd5 {Med 3 bønder over, bør resten være teknikk,
ulikefargede løpere til tross} 44. Bc6 Re5 45. Re1 f5 46. h3 Kf7 47. Rb1 Bb6
48. Rd1 Ke6 49. f4 Rc5 50. Ba4 d5 51. g4 g6 52. Kg3 Rc3+ 53. Kh4 Bf2# {En
kirurgisk avslutning, som jeg håper hvit (som er lege) satte pris på...} 0-1

[Event "Østlandsserien 2014/2015, 3. div. B"]
[Site "Ås, Akershus NOR"]
[Date "2014.12.07"]
[Round "2"]
[White "Lange, Holger"]
[Black "Aasgaard, Kenneth"]
[Result "1-0"]
[WhiteElo "1597"]
[BlackElo "1310"]
[PlyCount "97"]
[EventDate "2014.11.02"]
[Board "4"]
[WhiteTeam "Follo 1"]
[BlackTeam "Eidsvoll"]

1. e4 d5 2. exd5 Nf6 3. c4 c6 4. dxc6 Nxc6 5. Nc3 e6 6. Nf3 Bc5 7. Be2 O-O 8.
O-O a6 9. d3 h6 10. a3 Nd4 11. Be3 Re8 12. b4 Nxe2+ 13. Qxe2 Bd6 14. Rad1 e5
15. Nd2 Bc7 16. Nde4 Ng4 17. Nd5 f5 18. Nec3 Nf6 19. Nxf6+ Qxf6 20. Nd5 Qc6 21.
Qh5 f4 22. Nxc7 Bg4 23. Qxg4 Qxc7 24. Bc1 Rad8 25. Rfe1 Qd6 26. Bb2 Rd7 27. h3
Re6 28. Qf3 Rde7 29. c5 Qc7 30. Qd5 Kf7 31. Rxe5 Qd7 32. Qxd7 Rxd7 33. Rxe6
Kxe6 34. Re1+ Kd5 35. Re5+ Kc6 36. d4 Rd5 37. Rxd5 Kxd5 38. Kf1 g6 39. Ke2 Ke4
40. f3+ Kf5 41. d5 h5 42. d6 Ke6 43. Kd3 g5 44. Ke4 b6 45. Be5 bxc5 46. bxc5 a5
47. c6 a4 48. d7 Ke7 49. Bf6+ 1-0

[Event "Østlandsserien 2014/2015, 3. div. B"]
[Site "Oslo NOR"]
[Date "2015.01.11"]
[Round "3"]
[White "Flügel, Stefan"]
[Black "Svendsen, Bertil"]
[Result "0-1"]
[WhiteElo "1691"]
[BlackElo "2163"]
[PlyCount "100"]
[EventDate "2014.11.02"]
[Board "1"]
[WhiteTeam "Follo 1"]
[BlackTeam "S.O.S.S. 2"]

1. f4 d5 2. Nf3 Nf6 3. d3 c5 4. g3 Nc6 5. Bg2 e6 6. O-O Be7 7. c3 O-O 8. Qc2
Qc7 9. e4 c4 10. d4 Nxe4 11. Nbd2 f5 12. Ne5 Nxe5 13. fxe5 Bd7 14. Nxe4 fxe4
15. Be3 b5 16. a3 a5 17. Qd2 Rxf1+ 18. Kxf1 Be8 19. Bh3 Qd7 20. Ke2 Rb8 21. Bg5
Bh5+ 22. g4 Bg6 23. Bf4 Rf8 24. Bg2 Re8 25. Qe1 Qd8 26. Bd2 Bh4 27. Qc1 h6 28.
Bxh6 gxh6 29. Qxh6 Qg5 30. Qxg5 Bxg5 31. Rh1 Bh4 32. Rf1 Rb8 33. Bh3 Bg5 34.
Re1 b4 35. axb4 axb4 36. Ra1 bxc3 37. bxc3 Rb2+ 38. Kd1 Rxh2 39. Ra8+ Kg7 40.
Bf1 Rd2+ 41. Ke1 e3 42. Ra7+ Kh6 43. Be2 Rb2 44. Ra8 Bh4+ 45. Kf1 Rb1+ 46. Kg2
Be4+ 47. Bf3 e2 48. g5+ Kxg5 49. Rg8+ Kh6 50. Rh8+ Kg7 0-1

[Event "Østlandsserien 2014/2015, 3. div. B"]
[Site "Oslo NOR"]
[Date "2015.01.11"]
[Round "3"]
[White "Vagle, Raymond"]
[Black "Furnes, Torstein"]
[Result "1-0"]
[WhiteElo "1839"]
[BlackElo "1676"]
[PlyCount "51"]
[EventDate "2014.11.02"]
[Board "2"]
[WhiteTeam "S.O.S.S. 2"]
[BlackTeam "Follo 1"]

1. e4 c5 2. Nc3 Nc6 3. f4 d6 4. Nf3 Bg4 5. h3 Bxf3 6. Qxf3 e6 7. Bb5 a6 8.
Bxc6+ bxc6 9. O-O d5 10. f5 Qf6 11. d3 Bd6 12. Bf4 {Så langt har vi fulgt
partier hos chesslive.de. Men der fortsetter det nå med e5.} Bxf4 13. Qxf4 e5
$6 14. Qg3 d4 15. Na4 Rb8 $6 16. Nxc5 Rxb2 $2 $18 17. Rab1 Rxc2 18. Rb8+ Ke7
19. Rb7+ Kd6 20. Nd7 Qe7 21. Qxg7 Nf6 22. Nxf6 Qxb7 23. Qxh8 Qb2 24. Qf8+ Kc7
25. Qxf7+ Kc8 26. Qe6+ 1-0

[Event "Østlandsserien 2014/2015, 3. div. B"]
[Site "Oslo NOR"]
[Date "2015.01.11"]
[Round "3"]
[White "Lea, Per"]
[Black "Opdahl, Jens Chr. Lothe"]
[Result "0-1"]
[WhiteElo "1598"]
[BlackElo "1705"]
[Annotator "Lea, Per"]
[PlyCount "66"]
[EventDate "2014.11.02"]
[Board "3"]
[WhiteTeam "Follo 1"]
[BlackTeam "SOSS 2"]

1. e4 d5 2. exd5 Nf6 ({Forrige gang vi møttes (Østlandsserien 2011-2012, 2.
divisjon) spilte han det mer vanlige} 2... Qxd5 3. Nc3 Qa5 4. d4 Nf6 5. Bd2 c6
6. Bc4 Bg4 7. Nf3 Nbd7 8. Nd5 Qd8 9. Nxf6+ gxf6 10. Ng5 {En morsom stilling,
som truer matt på f7 Etter at jeg hadde spilt trekket, oppdaget jeg plutselig
at} Ne5 {kunne se farlig ut, men jeg vet ikke om jeg hadde våget å gå inn i
den følgende varianten, som skal vinne for hvit:} 11. dxe5 Bxd1 12. Bxf7+ Kd7
13. Rxd1 Kc8 14. Be6+ Kb8 15. Nf7 Qc7 16. exf6 a6 (16... Rg8 17. g3 a5 18. Bf4
$18) 17. Nxh8 exf6 18. Be3 $18) 3. d4 Nxd5 4. c4 Nf6 5. Nf3 Bf5 6. Bd3 Bg4 7.
h3 $2 (7. Nc3 {hadde spart meg for mange av de problemene jeg fikk seinere i
partiet. Bonden på d4 er indirekte gardert:} Bxf3 8. Qxf3 Nc6 (8... Qxd4 $4 9.
Qxb7) 9. Be3 e6 (9... Nxd4 10. Bxd4 Qxd4 11. Qxb7 Rd8 12. Nb5 {er godt for hvit
})) (7. O-O) 7... Bh5 $2 {Svart unnlater å utnytte hvits dårlige trekk -
inntil videre} (7... Bxf3 8. Qxf3 Nc6 9. d5 Ne5 10. Qe2 Nxd3+ 11. Qxd3 {er
omtrent utlikning for svart}) 8. Be3 ({Igjen er} 8. Nc3 {et fornuftig
alternativ}) 8... e6 9. Qa4+ {Innledningen tl en feilaktig plan - fordi jeg
hadde oversett noen av svarts alternativer} Qd7 10. Qxd7+ Nbxd7 11. Ne5 Nxe5
12. dxe5 O-O-O {Ser sterkt ut for meg, med silisiumvennene våre er ikke enige}
({Critter 1.6 anbefaler} 12... Nd7 13. f4 Bc5 14. Bxc5 Nxc5 15. Bc2 {med en
liten fordel for svart}) 13. Be2 ({Her vurderte jeg} 13. Bc2 {men fryktet} Ne4
{pa grunn av} 14. Bxe4 $4 Rd1# {Men jeg har jo bedre alternativer enn slaget
på e4}) 13... Bxe2 14. Kxe2 Ne4 15. Kf3 (15. Nd2 Nxd2 16. Bxd2 Rd4 {og svart
plukker opp en av de hvite bøndene}) 15... Nc5 16. b3 Nd3 17. Ke4 {
Sannsynligvis hadde det vært bedre å bare akseptere bondetap} f5+ 18. exf6 gxf6
19. Kf3 Rg8 20. g3 {Selv om svart har en monsterspringer på d3, begynte jeg å
håpe på remis her, bare jeg kunne få springeren i spill} Bb4 $2 ({Etter} 20...
f5 21. Nd2 e5 {sliter hvit}) 21. a3 (21. Ke2 e5 22. Rd1 ({Ikke} 22. Nd2 Bxd2
23. Bxd2 Nxf2 24. Kxf2 Rxd2+ $17) 22... e4 23. a3 {med lik stilling}) 21... Bc5
22. Nc3 {Endelig! - men det er ikke godt en gang!} (22. Bxc5 Nxc5 23. b4 Nd3
24. Nc3 (24. c5 f5 25. Rd1 (25. Nc3 Nxc5 26. bxc5 Rd3+ 27. Ke2 Rxc3)) 24...
Ne5+ {er kanskje bedre, men det koster en bonde}) 22... Ne5+ 23. Kf4 Bxe3+ 24.
fxe3 Rd3 25. Rhc1 {Feil tårn, men planen var å bruke det andre tårnet til å
gardere b-bonden} Rg5 26. g4 Ng6+ ({Etter} 26... h5 {er neppe den hvite
stillingen holdbar}) 27. Ke4 Rd2 28. Rd1 $4 {Overser svarts angrepsvarianter} (
28. Ra2 Re5+ 29. Kf3 Nh4+ 30. Kg3 Rxe3+ 31. Kxh4 Rdd3 32. Rh2 Rxc3 33. Rxc3
Rxc3 34. Kh5 Rxb3 35. Kh6 Rg3 36. Kxh7 {holder heller ikke}) 28... Re5+ 29. Kf3
Nh4+ 30. Kg3 {Nå er matten uunngåelig} Rxe3+ 31. Kxh4 Rh2 32. g5 Rhxh3+ 33. Kg4
f5+ 0-1

[Event "Østlandsserien 2014/2015, 3. div. B"]
[Site "Oslo NOR"]
[Date "2015.02.08"]
[Round "4"]
[White "Flügel, Stefan"]
[Black "Stake-Larsen, Gunnar"]
[Result "1-0"]
[WhiteElo "1700"]
[BlackElo "1929"]
[PlyCount "131"]
[EventDate "2014.11.02"]
[Board "1"]
[WhiteTeam "Follo 1"]
[BlackTeam "OSS 4"]

1. Nc3 c5 2. Nf3 Nc6 3. d4 cxd4 4. Nxd4 Nf6 5. g3 g6 6. Bg2 Bg7 7. Nb3 O-O 8.
O-O d6 9. e4 Bg4 10. f3 Be6 11. Be3 Qd7 12. Qe2 Bh3 13. Rfd1 Bxg2 14. Kxg2 Rfc8
15. Nc5 Qc7 16. Nd3 b6 17. Rd2 Na5 18. Nb5 Qb7 19. Na3 Nd7 20. c3 Rf8 21. Bd4
e5 22. Be3 f5 23. Nf2 fxe4 24. fxe4 Nc5 25. Bxc5 dxc5 26. Rad1 Rac8 27. Rd7 Rc7
28. Qg4 Rxd7 29. Rxd7 Qc6 30. Rxa7 Qf6 31. Qe2 Rd8 32. Ng4 Qg5 33. Qf3 Qd2+ 34.
Qf2 Qxf2+ 35. Kxf2 h5 36. Ne3 Rd2+ 37. Kg1 Rxb2 38. Nac4 Nxc4 39. Nxc4 Rb1+ 40.
Kf2 Rc1 41. Nxb6 Rxc3 42. a4 Bh6 43. Nd7 Be3+ 44. Kg2 Bd4 45. Kh3 Rc2 46. Nf6+
Kf8 47. Nd7+ Ke8 48. Nf6+ Kd8 49. Kh4 Rxh2+ 50. Kg5 Rg2 51. Kxg6 h4 52. g4 h3
53. Kf5 h2 54. Rh7 Rf2+ 55. Ke6 Be3 56. Nd5 Kc8 57. Nxe3 Re2 58. Nc4 Rg2 59.
Nxe5 c4 60. Nxc4 Rxg4 61. Nd6+ Kb8 62. Rxh2 Ka7 63. Rb2 Ka6 64. Rb5 Rg6+ 65.
Kd7 Rg2 66. Nc8 1-0

[Event "Østlandsserien 2014/2015, 3. div. B"]
[Site "Oslo NOR"]
[Date "2015.02.08"]
[Round "4"]
[White "Rundgren, Anders"]
[Black "Furnes, Torstein"]
[Result "1-0"]
[WhiteElo "1818"]
[BlackElo "1681"]
[Annotator "Furnes, Torstein"]
[PlyCount "97"]
[EventDate "2014.11.02"]
[Board "2"]
[WhiteTeam "OSS 4"]
[BlackTeam "Follo 1"]

1. e4 c5 2. Nc3 Nc6 3. g3 Nf6 4. Bg2 e6 5. Nge2 d5 6. exd5 exd5 7. d4 c4 8. O-O
Be7 9. Nf4 Be6 10. Re1 Qd7 11. Nxe6 fxe6 12. Bh3 Nd8 13. Qe2 Kf7 14. Bg5 {Vi
spilte mot hverandre også i Østlandsserien mars 2010. Og partiet fra den gang
er helt identisk med dette partiet i de 13 første trekkene ! Men partiet fra
2010 fortsatte med:} (14. f4 Re8 15. Qf3 b5 16. f5 exf5 17. Bxf5 Qc6 18. Bg5 b4
19. Ne2 {og hvit vant etter 31 trekk.}) 14... Re8 15. Qf3 b5 16. Ne2 a5 17. Nf4
Ra6 18. Nh5 h6 19. Nxf6 Bxf6 20. Bxf6 gxf6 21. Qh5+ Kg7 22. Re3 Qf7 23. Qe2 Qg6
24. Re1 f5 25. Re5 Rf8 26. f4 h5 27. Bg2 Rh8 28. Re3 Qf6 29. c3 h4 30. g4 fxg4
31. Qxg4+ Qg6 32. Bh3 Qxg4+ 33. Bxg4 Kf6 34. Kg2 Rh6 35. Kh3 Rb6 36. Re5 b4 37.
f5 Kf7 $2 {Hvitfordelen har i mange trekk svingt rundt ca. +1, ifølge Fritz 11.
Men etter dette kongetrekket kommer evalueringen opp i ca. +4 og partiet er
dermed egentlig over.} ({Fritz 11 mener at svart kunne prøvd} 37... Nf7 38.
Rxe6+ Kg5 $16 {med hvit fordel på ca. +1.5.}) 38. fxe6+ Nxe6 39. Bxe6+ Rbxe6
40. Rxe6 Rxe6 41. Rxe6 Kxe6 42. Kg4 $1 (42. Kxh4 $2 Kf5 43. Kg3 Ke4 44. h4 Kd3
45. h5 Kc2 46. h6 Kxb2 47. h7 bxc3 48. h8=Q c2 49. Qh2 Kb1 50. Qh7 {er remis
ifølge Fritz 11.}) 42... a4 43. a3 ({Det morsomme poenget med å spille 42-a4
var} 43. cxb4 $4 a3 $1 44. bxa3 c3 $19) 43... b3 $2 {Dette taper straks. Svart
må slå på a3 eller c3. Svart vinner da kampen om opposisjonen, og den hvite
kongen klarer ikke å erobre svarts bønder på dronningfløyen. Hvit må da satse
på bondekappløpet, med remis som sannsynlig resultat. Varianten kunne blitt:} (
43... bxa3 44. bxa3 Kf6 45. Kxh4 Kf5 46. Kg3 Ke4 47. h4 Kd3 48. h5 Kxc3 49. h6
Kb2 50. h7 c3 51. h8=Q c2 {Dette er antagelig remis. Etter en analyse med
dybde 29, kommer ikke hvitfordelen opp på mer enn +1.7 hos Fritz 11.}) 44. Kg5
({Etter} 44. Kxh4 $2 Kf5 45. Kg3 Ke4 46. h4 Kd3 47. h5 Kc2 48. h6 Kxb2 49. h7
Ka1 50. h8=Q b2 51. Qh5 b1=Q 52. Qxd5 Qe1+ 53. Kf4 Qxc3 {er det svart som
vinner, ifølge Fritz 11.}) 44... h3 45. Kg6 Ke7 46. Kf5 Kd6 47. Kf6 Kd7 48. Ke5
Kc6 49. Ke6 1-0